000 00934nam a2200253Ia 4500
003 OSt
005 20221005113304.0
006 a|||||r|||| 00| 0
007 ta
008 221004b |||||||| |||| 00| 0 pan d
020 _a8173808694 (hbk)
_c200
024 _a2695
037 _b704, 21/01/2013, Bright Book Service
_cTextual
040 _aCRL
_cCRL
_bpan
041 _2pan
_apan
082 _aO153,2x, P3
100 _aਵਰਮਾ, ਸਤੀF ਕੁਮਾਰ, ਥਦ.
245 0 _aਚੋਣਵਾਂ ਪਾਕਿਸਤਾਨੀ ਪੰਜਾਬੀ ਨਾਟਕ
260 _aਪਟਿਆਲਾ
_bਪੰਜਾਬੀ ਯੂਨੀਵਰਸਿਟੀ ਭਾਰਤ
_c2003
300 _a208ਪੰ
_ccm.
650 _aਪੰਜਾਬੀ ਸਾਹਿਤ
942 _hO153,2x, P3
_cTEXL
_2cc
999 _c1027672
_d1027672